| 000 | 00351nam a22001457a 4500 | ||
|---|---|---|---|
| 003 | OSt | ||
| 005 | 20211231105407.0 | ||
| 008 | 211231b |||||||| |||| 00| 0 eng d | ||
| 020 | _a9788120343269 | ||
| 040 | _cHU | ||
| 082 |
_22nd _a006.312 |
||
| 100 |
_aGupta _91644 |
||
| 245 | _aIntroduction To Data Mining With Case Studies | ||
| 942 |
_2ddc _cBOOKS _n0 |
||
| 999 |
_c25509 _d25509 |
||